000 00645nam a2200241 a 4500
001 nice12345678
003 IN_TiNIC
005 20260116013128.0
008 050524s1988 itha grp 000 0 eng
020 _a0801424
_c830.55
082 0 0 _a305.800956
_bESM
100 _aEsman, Milton J
245 _aEthnicity, Pluralism and the State in the Middle East
260 _aIthaca
_bCornell University
_c1988
300 _a296p
500 _aincludes index and biblioraphy
505 2 _a40 Plates
650 _aMinorities-Middle East
650 _aMiddle East-Ethnic Relations
902 _bSRS
942 _cBK
999 _c9771
_d9771